| 000 | 005800000a22001930004500 | ||
|---|---|---|---|
| 020 | _a958-711-081-1 | ||
| 050 | 4 | _aCD 089 | |
| 245 | 1 | 0 | _aDerecho internacional humanitario : información complementaria / Pedro Pablo Camargo |
| 250 | _a4 | ||
| 260 | _aBogotá : Leyer | ||
| 500 | _aIncluye material acompañante | ||
| 505 | 0 | 0 | _aANEXOS: Derecho de Ginebra -- Derecho de la Haya |
| 650 | 1 | 4 | _aDERECHOS HUMANOS \ DERECHO CIVIL |
| 001 | 17586 | ||
| 942 | _cBK | ||
| 999 |
_c44247 _d44247 |
||
| 336 |
_atexto _btxt _2rdacontent |
||
| 337 |
_2rdamedia _asin mediación _bn |
||
| 338 |
_2rdacarrier _avolumen _bnc |
||